00654nam a2200193Ia 4500008004100000020001800041082001400059100001800073245006300091250000800154260004200162300003100204500001900235600003300254650001600287942000700303952013300310999001700443240925s9999 xx 000 0 und d a9789332519053 a519.5 MIL aMiller, Irwin 0aJohn E. Freund's Mathematical Statistics with Applications a8th aNew Delhi:bPearson Educationc,2014. axxxvii, 602p.b0fOriginal aIncludes Index aHumanities & Natural Science aMathematics cBK 001040708HUMaUITUbUITUd2019-02-03eAllied Book Companyg1289.60l0o519.5 MILpQ14537r2024-09-25 07:17:20w2024-09-25yBK c17036d17036